Proyecto de conservación y manejo sustentable de recursos forestales en México (Registro nro. 16431)
[ vista simple ]
| 000 -CABECERA | |
|---|---|
| Campo de control | 00791aga a2200229 4500 |
| 005 - FECHA Y HORA DE LA ULTIMA TRANSACCION | |
| Campo de control | 20180803170059.0 |
| 008 - ELEMENTOS DE LONGITUD FIJA—INFORMACION GENERAL | |
| Campo de control | 170214b xxu||||| |||| 00| 0 spa d |
| 040 ## - FUENTE DE CATALOGACIÓN | |
| Agencia catalogadora original | CO-BoIAVH |
| Agencia transcriptora | CO-BoIAVH |
| 041 0# - IDIOMA | |
| Código de idioma para texto/pista de sonido o título separado | Español |
| 044 ## - PAÍS DE PUBLICACIÓN | |
| País de publicación | México |
| 090 ## - CLASIFICACIÓN LOCAL | |
| Colección | AV |
| Consecutivo | 00067 |
| 110 1# - ASIENTO PRINCIPAL--NOMBRE CORPORATIVO | |
| Nombre corporativo o de jurisdicción como elemento de entrada | Grupo de Estudios Ambientales AC |
| 9 (RLIN) | 18896 |
| 245 10 - MENCION DE TITULO | |
| Título | Proyecto de conservación y manejo sustentable de recursos forestales en México |
| Version | la voz de los actores |
| 260 ## - PUBLICACION, DISTRIBUCION, ETC. (PIE DE IMPRENTA) | |
| Lugar de publicación, distribución, etc. | México D. F. |
| Nombre del editor, distribuidor, etc. | Secretaría de Medio Ambiente, Recursos Naturales y Pesca |
| Fecha de publicación, distribución, etc. | 2000 |
| 300 ## - DESCRIPCION FISICA | |
| Extensión | 40 min |
| Otros detalles físicos | VHS |
| 650 14 - ASIENTO SECUNDARIO DE MATERIA - TERMINO TEMATICO | |
| Término temático o nombre geográfico como elemento de entrada | Bosques de encino |
| 9 (RLIN) | 79582 |
| 650 14 - ASIENTO SECUNDARIO DE MATERIA - TERMINO TEMATICO | |
| Término temático o nombre geográfico como elemento de entrada | Explotación forestal |
| 9 (RLIN) | 79585 |
| 650 14 - ASIENTO SECUNDARIO DE MATERIA - TERMINO TEMATICO | |
| Término temático o nombre geográfico como elemento de entrada | Manejo forestal sostenible |
| 9 (RLIN) | 9347 |
| 650 14 - ASIENTO SECUNDARIO DE MATERIA - TERMINO TEMATICO | |
| Término temático o nombre geográfico como elemento de entrada | Desarrollo participativo |
| 9 (RLIN) | 17510 |
| 650 14 - ASIENTO SECUNDARIO DE MATERIA - TERMINO TEMATICO | |
| Término temático o nombre geográfico como elemento de entrada | Servicios ambientales |
| 9 (RLIN) | 94060 |
| 942 ## - ELEMENTOS ADICIONALES (KOHA) | |
| Tipo de ítem | VHS |
| Sistema de clasificación | Dewey Decimal Classification |
| Withdrawn status | Lost status | Sistema de Clasificación | Damaged status | No para préstamo | Colección | Ubicación Permanente | Ubicación actual | Fecha de adquisición | Fuente de adquisición | Total Checkouts | Número topográfico | Inventario / Código de Barras | Date last seen | Ejemplar | Price effective from | Forma de adquisición | Tipo de material |
|---|---|---|---|---|---|---|---|---|---|---|---|---|---|---|---|---|---|
| Local | Audiovisual | Bogotá | Bogotá | 26/08/1999 | CID Humboldt | AV-00067 | 018262 | 25/03/2015 | Ej. 2 | 25/03/2015 | Compra | VHS | |||||
| Local | Audiovisual | Bogotá | Bogotá | 09/02/2017 | AV-00067 | 018284 | 25/03/2015 | Ej. 1 | 25/03/2015 | Donación | VHS | ||||||
| Audiovisual | Villa de Leyva | Villa de Leyva | 27/02/2015 | MM 00067 | AUTO_19704 | 25/03/2015 | 25/03/2015 | CD-ROM |